Villes en photos - Sélection de tuiles - Statistiques

Statistiques générales
  • Ce quiz a été pris 95 fois
  • Le résultat moyen est 75 sur 120
Statistiques - réponses
Question Tuile Select % Correct
Berlin Non
97%
Berlin Non
97%
Berlin Non
97%
Berlin Non
93%
Berlin Non
92%
Rio de Janeiro Non
91%
Rio de Janeiro Non
90%
Rio de Janeiro Non
90%
Rio de Janeiro Oui
89%
Rio de Janeiro Non
89%
Berlin Oui
84%
Venise Non
84%
Venise Non
84%
Tokyo Non
83%
Berlin Oui
82%
Tokyo Non
82%
Londres Oui
80%
Londres Oui
80%
New York Oui
80%
Rio de Janeiro Non
79%
New York Non
79%
Tokyo Non
78%
Tokyo Non
78%
Londres Non
78%
Venise Oui
77%
New York Non
77%
Istanbul Non
77%
Barcelone Non
77%
Rio de Janeiro Oui
76%
New York Non
76%
Barcelone Non
76%
Rome Oui
76%
Tokyo Oui
75%
New York Non
75%
Istanbul Non
75%
Rome Non
75%
Rome Non
75%
Venise Non
74%
Londres Oui
74%
Londres Non
74%
New York Non
74%
Istanbul Non
74%
Istanbul Non
74%
Barcelone Non
74%
Rome Non
74%
Rome Non
74%
New York Oui
72%
Istanbul Oui
72%
Dubaï Non
72%
Venise Oui
71%
Tokyo Oui
71%
Barcelone Non
71%
Dubaï Non
71%
Venise Non
70%
Dubaï Oui
70%
Dubaï Non
70%
Berlin Oui
68%
Tokyo Non
68%
Barcelone Oui
68%
Rome Non
68%
Dubaï Non
67%
Rome Non
67%
Venise Oui
66%
Barcelone Non
66%
Dubaï Oui
64%
Dubaï Oui
64%
Rome Oui
64%
Londres Non
63%
New York Oui
63%
Rio de Janeiro Oui
61%
Barcelone Oui
61%
Barcelone Non
61%
Londres Oui
60%
New York Oui
60%
Istanbul Oui
60%
Venise Non
59%
Rome Oui
59%
Rio de Janeiro Oui
57%
Venise Oui
57%
Tokyo Oui
57%
Venise Oui
56%
Venise Oui
56%
New York Non
56%
Barcelone Oui
56%
Tokyo Oui
55%
Londres Non
54%
New York Oui
54%
Barcelone Oui
54%
Tokyo Non
53%
Rome Oui
52%
New York Oui
51%
Rome Oui
51%
Londres Non
49%
Venise Oui
48%
Dubaï Non
48%
Dubaï Oui
47%
Berlin Oui
46%
Rio de Janeiro Non
44%
Rio de Janeiro Oui
43%
Rio de Janeiro Oui
41%
Berlin Oui
40%
Istanbul Oui
40%
Barcelone Oui
40%
Londres Oui
39%
Londres Oui
39%
Tokyo Oui
38%
Berlin Oui
36%
Londres Oui
36%
Dubaï Oui
36%
Dubaï Oui
31%
Istanbul Non
30%
Berlin Oui
29%
Tokyo Oui
29%
Rome Oui
28%
Barcelone Oui
25%
Dubaï Non
24%
Istanbul Oui
21%
Istanbul Non
18%
Istanbul Oui
17%
Istanbul Oui
14%
Aucun quiz correspondant
Distribution des résultats
% des personnes avec chaque résultat
Percentile par nombre de réponses
Votre historique - résultats
Vous n’avez pas pris ce quiz